Logo BPK

Biblioteka

Politechniki Koszalińskiej

Einführung in die Elektronik / (Rekord nr 12485)

Szczegóły MARC
000 -ETYKIETA REKORDU
podpole kontrolne o stałej długości 00334nam a2200145 i 4500
001 - NUMER KONTROLNY REKORDU
pole kontrolne bg
040 ## - ŹRÓDŁO KATALOGOWANIA
Instytucja, która utworzyła rekord BPK
041 ## - KOD JĘZYKA
Kod języka tekstu pol
080 ## - UNIWERSALNA KLASYFIKACJA DZIESIĘTNA - UKD
UKD 621.38
008 - POLE O STAŁEJ DŁUGOŚCI - DANE KONTROLNE
podpole kontrolne o stałej długości s pl f |000 0 pol
100 1# - NAZWA OSOBOWA
Nazwa osobowa BITTERLICH, Wolfram
245 #0 - TYTUŁ/ODPOWIEDZIALNOŚĆ
Tytuł Einführung in die Elektronik /
Pozostałe elementy strefy tytułu i oznaczenia odpowiedzialności W. Bitterlich.
260 ## - STREFA ADRESU WYDAWNICZEGO
Miejsce wydania Wien,
Data publikacji, dystrybucji/powstania dokumentu 1967.
856 ## - LOKALIZACJA I DOSTĘP DO ELEKTRONICZNYCH DOKUMENTÓW ZDALNYCH
Link (URL) http://koha.tu.koszalin.pl/cgi-bin/koha/opac-detail.pl?biblionumber=12485
Tekst linku Katalog online BPK
942 ## - DODATKOWE ELEMENTY (KOHA)
Typ dokumentu Książka
Egzemplarze
Wycofany Status egzemplarza Uszkodzony Dostępność Lokalizacja stała Lokalizacja bieżąca Miejsce przechowywania Sygnatura Kod kreskowy Typ dokumentu
      Dostępny Biblioteka Politechniki Koszalińskiej Biblioteka Politechniki Koszalińskiej Wypożyczalnia BG 6972 01785302 Książka
© 2023 Biblioteka Politechniki Koszalińskiej :: KOHA